Cuentos populares sobrenaturales /

Guardado en:
Autor Principal: Canteros, Laura; comp.
Formato: Libro
Idioma:Undetermined
Publicado: Buenos Aires : Troquel, 2014.
Edición:1a ed.
Series:¡Viva la tinta!
Materias:
Etiquetas: Agregar Etiqueta
Sin Etiquetas, Sea el primero en etiquetar este registro!
LEADER 01580nam a22002175a 4500
001 CEM.cems021062
008 240422s2014####ag############000#0#und#d
005 20240422182851.0
245 1 0 |a Cuentos populares sobrenaturales /  |c Compilado por Laura Canteros. 
250 |a 1a ed. 
260 |a Buenos Aires :  |b Troquel,  |c 2014. 
300 |a 160 p. 
490 1 |a ¡Viva la tinta! 
500 |a Colecciones de aula, edición especial del Ministerio de Educación. 
505 0 |a El basilisco -- Coquena y el pastor -- Coquena y los entierros -- Coquena -- El curupí, inmortal -- La comida del Curupí -- El Curupí, buen amigo -- El hombre resucitado por el Curupí -- El Curupí y los niños -- El fin del Curupí -- El duende -- El familiar del Ingenio "La Esperanza" -- El gritón -- Jhupuparí, el libertador de los hombres -- El Jucumari -- El lobisón -- Conjuros a Maipe -- El caballo de los siete colores -- El caso de Mulánima -- El negrito del pastoreo -- El cazador de guanacos -- Paí-Luchí y la Polanga -- El Pombero -- Promesas cumplidas -- El toro astas de oro -- El tigre uturunco -- La tigra uturunca -- El hombre tigre -- San Francisco Solano y el uturunco -- El runauturunco -- El zanjón de la viuda -- Las Lagunas del Rosario -- El Yaguareté-abá -- El Yasí-yateré -- El Yastay -- El perro salpicado de estrellas -- El fantasma de Remate 
020 |a 9789501652055 
100 1 |a Canteros, Laura; comp. 
653 |a Literatura popular 
653 |a Literatura folclórica 
653 |a Cuentos 
859 |a CEMS  |b BIB. CEMS - Inicial y Primaria  |h 808.8  |i C167  |k IP  |p 5675  |t Ej.1